000 00710nam a2200181Ia 4500
008 090123s9999 xx 000 0 und d
082 _b26626
100 _aसाठे अनिल
245 _aअमरनाथच्या वाटेवरच्या कथा आणि व्यथा
250 _a1
260 _bमाधवी प्रकाशन
300 _a92
600 _aसाठे अनिल
630 _aअमरनाथच्या वाटेवरच्या कथा आणि व्यथा
700 _aसाठे अनिल
730 _aअमरनाथच्या वाटेवरच्या कथा आणि व्यथा
942 _cBOOK
999 _c64695
_d64695